000 00850nab a2200253 u 4500
001 16237
003 HDC
007 cr bn ---aaaaa
008 210220c20100916xx dr|noo 0 a eng d
040 _aHDC
100 _aMaina, Wangui
_eauthor
_916107
245 0 _aHotels choose halal to woo Muslim tourists / by
_cWangui Maina
260 _a[No place] :
_b[publisher not identified],
_c2010
336 _atext
_2rdacontent
337 _acomputer
_2rdamedia
338 _aonline resource
_2rdacarrier
650 _aHalal travel
_94328
650 _aMuslim tourists
_9483
710 _aBusinessdailyafrica.com
856 _zRequest full-text at [email protected]
942 _2lcc
942 _cNEWS
942 _kNWSO 005653
999 _c13553
_d13553